| 000 | 00805nam a2200253 a 4500 | ||
|---|---|---|---|
| 999 |
_c6177 _d6177 |
||
| 001 | 4280 | ||
| 003 | BD-DhUAP | ||
| 005 | 20201227125512.0 | ||
| 008 | 201227s1995 iaua b 001 0 eng d | ||
| 020 | _a0697241696 | ||
| 040 |
_aTxdaPCC _cDLC _dEQF _dBD-DhUAP _beng |
||
| 082 | 0 | 0 |
_a572 ZUB _223 |
| 100 | 1 |
_aZubay, Geoffrey L. _98163 |
|
| 245 | 1 | 0 |
_aPrinciples of biochemistry / _cGeoffrey L. Zubay, William W. Parson and Dennis E. Vance. |
| 260 |
_aDubuque, Iowa : _bWm. C. Brown, _cc1995. |
||
| 300 |
_avolumes : _billustrations ; _c29 cm. |
||
| 500 | _aIncludes index. | ||
| 505 | _aV. 1- Energy, proteins, and catalysis. | ||
| 650 | 0 |
_aBiochemistry. _98164 |
|
| 650 | 0 |
_aBiochemistry _xStudy and teaching. |
|
| 700 | 1 |
_aParson, William W. _98165 |
|
| 700 | 1 |
_aVance, Dennis E. _98166 |
|
| 942 |
_2ddc _cBK |
||